| 000 | 00388nam a2200157Ia 4500 | ||
|---|---|---|---|
| 100 | _aPalande/ P.S. | ||
| 650 | _aGeneral | ||
| 942 | _cRB | ||
| 654 | _aliberalisation industries | ||
| 245 | _aCoping with Liberalisation : Industries Response to New Competition | ||
| 260 |
_bResponse books _c2000 |
||
| 082 |
_a338.954 _bPAL |
||
| 300 | _a377 | ||
| 546 | _aENGLISH | ||
| 999 |
_c27315 _d27315 |
||